000 00518nam a2200181Ia 4500
005 20250508151921.0
008 008 250505s9999 xx 000 0 eng d
037 _aTextual
040 _aFEDL
_beng
_cFEDL
041 _aeng
_2eng
084 _a920, LEN
_qFEDL
100 _aLenard Philipp
_9760369
245 0 _aGreat men of science : A history of scientific progress
260 _aLondon, UK
_bG Bell and Sons Ltd.
_c1954
300 _a389p.
942 _cTEXL
_h920, LEN
999 _c1332940
_d1332940